Serbian NBA players - Statistics

General Stats
  • This quiz has been taken 25 times
  • The average score is 3 of 5
Answer Stats
Hint Answer % Correct
Denver Nuggets Nikola Jokic
100%
Los Angeles Clippers Bogdan Bogdanovic
86%
Miami Heat Nikola Jovic
57%
Oklahoma City Thunder Nikola Topic
57%
Washington Wizards Tristan Vukcevic
43%
No matching quizzes found
Score Distribution
Percent of People with Each Score
Percentile by Number Answered
Your Score History
You have not taken this quiz